000 00350nam a2200145 i 4500
001 bg
100 1 _aLIDMANOWSKI, Wacław.
245 0 _aTechnika wysokich napięć.
_nCz.1 /
_cWacław Lidmanowski.
250 _aWyd.5.
260 _aWarszawa,
_c1969.
040 _cBPK
041 _apol
942 _cKS
008 s pl f |000 0 pol
999 _c24007
_d24007
856 _uhttp://koha.tu.koszalin.pl/cgi-bin/koha/opac-detail.pl?biblionumber=24007
_yKatalog online BPK